000 00796nam a22002417a 4500
003 UA-OsUOA
001 21103
007 ta
008 20031117b un ||||| |||| 00| 0 ukr d
090 _a94 (477)
_bУ45
942 _cBK
040 _aUA-OsUOA
_bukr
_cUA-OsUOA
_dUA-OsUOA
245 _aУкраїнські Карпати
_bматеріали міжнародної наукової конференції "Українські Карпати: етнос, історія, культура"
_cред. П.Чучка
300 _a610 с.
955 _a1
041 _aukr
080 _a94 (477)
020 _a5-7757-0589-0
260 _aУжгород
_bКарпати
_c1993
044 _aUA
650 7 _a9 Географія. Біографії. Історія
_2UDC
999 _c307296
_d307296